logo

Bir Sreshtho Munshi Abdur Rouf Library
Jhenaidah Cadet College

Haroun And The Sea Of Stories / (Record no. 14400)

MARC details
000 -LEADER
fixed length control field 00673nam a22002537a 4500
001 - CONTROL NUMBER
JCCL Control Number 14400
003 - CONTROL NUMBER IDENTIFIER
JCCL marc code BD-JhCC
005 - DATE AND TIME OF LATEST TRANSACTION
control field 20250909121042.0
008 - FIXED-LENGTH DATA ELEMENTS--GENERAL INFORMATION
fixed length control field 250909b |||||||| |||| 00| 0 eng d
020 ## - INTERNATIONAL STANDARD BOOK NUMBER
International Standard Book Number 9780140140439
035 ## - SYSTEM CONTROL NUMBER
system control number (BD-JhCC) 14400
040 ## - CATALOGING SOURCE
Original cataloging agency BD-JhCC
Modifying agency BD-JhCC
041 ## - LANGUAGE CODE
Language code of Book eng
082 ## - DEWEY DECIMAL CLASSIFICATION NUMBER
DDC Edition number 23
Classification number 813.54
Author mark and Year RUS 1991
100 ## - MAIN ENTRY--PERSONAL NAME
Personal name Rushdie, Salman
245 ## - TITLE STATEMENT
Title Haroun And The Sea Of Stories /
Statement of responsibility, etc Salman Rushdie
250 ## - EDITION STATEMENT
Edition statement 1st ed.
260 ## - PUBLICATION, DISTRIBUTION, ETC. (IMPRINT)
Place of publication, distribution, etc USA:
Name of publisher, distributor, etc Penguin Books,
Date of publication, distribution, etc 1991
300 ## - PHYSICAL DESCRIPTION
Pagination 218 p.;
Dimensions 19 cm.
650 ## - SUBJECT ADDED ENTRY--TOPICAL TERM
Topical term or geographic name as entry element Action and adventure fiction
650 ## - SUBJECT ADDED ENTRY--TOPICAL TERM
Topical term or geographic name as entry element Fantasy fiction
650 ## - SUBJECT ADDED ENTRY--TOPICAL TERM
Topical term or geographic name as entry element Fathers and sons Juvenile fiction
942 ## - ADDED ENTRY ELEMENTS (KOHA)
Source of classification or shelving scheme Dewey Decimal Classification
Koha item type Books
Holdings
Source of classification or shelving scheme Damaged status Not for loan Collection code Home library Current library Shelving location Date of accession Total Checkouts Full call number Barcode Checked out Date last seen Date checked out Copy number Method of acquisition Koha item type
Dewey Decimal Classification     Fiction JCC Rouf Library JCC Rouf Library General Stacks   1 813.54 RUS 1991 20209 11/19/2025 10/26/2025 10/26/2025 C-1 Purchase Books
Dewey Decimal Classification     Fiction JCC Rouf Library JCC Rouf Library General Stacks   1 813.54 RUS 1991 20210   12/17/2025 10/26/2025 C-2 Purchase Books

JCC Library | Contacts | JCC Home

Last Update on 23 September 2017
Copyright @ 2017-2020 JCC Rouf Library
Rouf Library, Jhenidah Cadet College (JCC), Bangladesh